[Event "11. KUP SS OBZ 2018"]
[Site "Našice"]
[Date "2018.02.17"]
[Round "3.3"]
[White "Brkic, Valent"]
[Black "Raguz, Ivanka"]
[Result "1-0"]
[WhiteElo "1941"]
[BlackElo "1795"]
[PlyCount "55"]
[EventDate "2018.02.16"]
[WhiteTeam "ŠK MLADOST, Osijek"]
[BlackTeam "ŠK DAMA, Đakovo"]

1. c4 Nf6 2. Nc3 e5 3. g3 g6 4. e4 Bg7 5. Bg2 O-O 6. Nge2 d6 7. O-O Be6 8. b3
c6 9. d4 exd4 10. Nxd4 Qc7 11. h3 Na6 12. Be3 c5 13. Ndb5 Qe7 14. Qxd6 Qxd6 15.
Nxd6 Ne8 16. Ndb5 Rd8 17. Rad1 Rxd1 18. Rxd1 b6 19. Nd5 h5 20. Nxa7 Nec7 21.
Nxb6 Rb8 22. Nd5 Nb4 23. Nxc7 Nxa2 24. Nxe6 fxe6 25. Nb5 Rc8 26. Bg5 Bf8 27. e5
Nb4 28. Be4 1-0

[Event "11. KUP SS OBZ 2018"]
[Site "Našice"]
[Date "2018.02.17"]
[Round "3.3"]
[White "Raguz, Frano"]
[Black "Slobodjanac, Sinisa"]
[Result "0-1"]
[WhiteElo "1538"]
[BlackElo "1803"]
[PlyCount "72"]
[EventDate "2018.02.16"]
[WhiteTeam "ŠK DAMA, Đakovo"]
[BlackTeam "ŠK MLADOST, Osijek"]

1. e4 b6 2. d4 Bb7 3. Nc3 e6 4. Nf3 Bb4 5. Qd3 Nf6 6. Bg5 h6 7. Bh4 g5 8. Bg3
Nxe4 9. O-O-O Bxc3 10. bxc3 Qe7 11. c4 Na6 12. Nd2 Nxg3 13. hxg3 O-O-O 14. Re1
d5 15. cxd5 Rxd5 16. Qc3 Nb4 17. Kb2 Ra5 18. Bc4 Nd5 19. Bxd5 Bxd5 20. Nb3 Qa3+
21. Kb1 Qxa2+ 22. Kc1 Bxb3 23. Qxb3 Qxb3 24. cxb3 Ra1+ 25. Kd2 Rxe1 26. Kxe1 a5
27. f4 gxf4 28. gxf4 f5 29. Kd2 Kd7 30. Kc3 Kd6 31. Kc4 c6 32. g3 h5 33. Rh2
Rh7 34. Rh1 Rg7 35. Rxh5 Rxg3 36. b4 b5# 0-1

[Event "11. KUP SS OBZ 2018"]
[Site "Našice"]
[Date "2018.02.17"]
[Round "3.3"]
[White "Kajic, Josip"]
[Black "Raguz, Sima"]
[Result "1-0"]
[WhiteElo "1734"]
[BlackElo "1119"]
[PlyCount "49"]
[EventDate "2018.02.16"]
[WhiteTeam "ŠK MLADOST, Osijek"]
[BlackTeam "ŠK DAMA, Đakovo"]

1. e4 e5 2. Nf3 Nc6 3. Bb5 a6 4. Ba4 Nf6 5. O-O Be7 6. c3 Nxe4 7. Re1 Nc5 8.
Bxc6 dxc6 9. Nxe5 O-O 10. d4 Nd7 11. Nd2 Nxe5 12. Rxe5 Bd6 13. Re1 Re8 14.
Rxe8+ Qxe8 15. Nf3 Bf8 16. Bf4 b5 17. Ne5 f6 18. Nd3 Ra7 19. Nc5 Bd6 20. Qd2
Qg6 21. Re1 Kf8 22. Qe3 Ra8 23. Bxd6+ cxd6 24. Qe7+ Kg8 25. Qd8+ 1-0

[Event "11. KUP SS OBZ 2018"]
[Site "Našice"]
[Date "2018.02.17"]
[Round "3.5"]
[White "Grguric, Damir"]
[Black "Dusper, Hrvoje"]
[Result "0-1"]
[WhiteElo "1978"]
[BlackElo "2216"]
[PlyCount "81"]
[EventDate "2018.02.16"]
[WhiteTeam "ŠK DRAGOVOLJAC, Osijek"]
[BlackTeam "ŠK ĐURĐENOVAC, Đurđenovac"]

1. d4 Nf6 2. Nf3 g6 3. c4 Bg7 4. Nc3 O-O 5. e4 d6 6. h3 e5 7. Be3 exd4 8. Nxd4
Re8 9. Bd3 Nc6 10. Nxc6 bxc6 11. O-O c5 12. Qc2 Bb7 13. Rad1 Bc6 14. Nd5 Nxd5
15. exd5 Bd7 16. Bd2 Be5 17. Bc3 Qf6 18. Bxe5 Qxe5 19. f4 Qf6 20. Qf2 Rab8 21.
b3 a5 22. f5 g5 23. Bc2 a4 24. Rd3 axb3 25. axb3 Ra8 26. Bd1 Re4 27. Qd2 Ra1
28. Bf3 Rxf1+ 29. Kxf1 Bxf5 30. Kg1 Rd4 31. Rxd4 Qxd4+ 32. Qxd4 cxd4 33. b4 Bd3
34. c5 f5 35. Kf2 Kf7 36. Be2 Be4 37. cxd6 cxd6 38. Bf3 Ke7 39. g4 Bxf3 40.
Kxf3 f4 41. Ke4 0-1

[Event "11. KUP SS OBZ 2018"]
[Site "Našice"]
[Date "2018.02.17"]
[Round "3.5"]
[White "Vitkovic, Andrija"]
[Black "Mravunac, Branko"]
[Result "0-1"]
[WhiteElo "1894"]
[BlackElo "1978"]
[PlyCount "108"]
[EventDate "2018.02.16"]
[WhiteTeam "ŠK ĐURĐENOVAC, Đurđenovac"]
[BlackTeam "ŠK DRAGOVOLJAC, Osijek"]

1. e4 e5 2. Nf3 d6 3. d4 exd4 4. Bc4 Bg4 5. c3 Bxf3 6. Qxf3 Qf6 7. Qd3 dxc3 8.
Nxc3 c6 9. O-O Nd7 10. f4 O-O-O 11. Be3 Nc5 12. Qc2 Kb8 13. e5 Qe7 14. exd6
Qxe3+ 15. Kh1 Nh6 16. b4 Nd7 17. b5 Nb6 18. bxc6 Bxd6 19. Qb3 Qc5 20. Be2 Qxc6
21. a4 Rhe8 22. Bb5 Qc7 23. Bxe8 Rxe8 24. a5 Nc8 25. a6 Re3 26. Rac1 Qb6 27.
Qc2 Qxa6 28. Nd5 Re8 29. Nc7 Qxf1+ 30. Rxf1 Bxc7 31. h3 a6 32. Qc4 Nd6 33. Qa4
Nhf5 34. Rb1 g6 35. Qxa6 Re1+ 36. Kh2 Rxb1 37. Qa2 Re1 38. Qb2 Nc8 39. Qh8 h5
40. g4 hxg4 41. hxg4 Bxf4+ 42. Kg2 Nfd6 43. Kf3 g5 44. Qd4 Re3+ 45. Kg2 Rg3+
46. Kh1 Rxg4 47. Qxd6+ Ka8 48. Qa3+ Na7 49. Qf8+ Bb8 50. Qxf7 Rf4 51. Qa2 Rh4+
52. Kg1 g4 53. Qf2 g3 54. Qf6 Rh2 0-1

[Event "11. KUP SS OBZ 2018"]
[Site "Našice"]
[Date "2018.02.17"]
[Round "3.5"]
[White "Oreskovic, Pero"]
[Black "Fridl, Miroslav"]
[Result "0-1"]
[WhiteElo "1928"]
[BlackElo "1989"]
[PlyCount "60"]
[EventDate "2018.02.16"]
[WhiteTeam "ŠK DRAGOVOLJAC, Osijek"]
[BlackTeam "ŠK ĐURĐENOVAC, Đurđenovac"]

1. Nf3 f5 2. e4 fxe4 3. Ng5 Nf6 4. d3 e3 5. Bxe3 e5 6. Nc3 d5 7. Bd2 Bd6 8. Qe2
O-O 9. O-O-O Nc6 10. h3 Nd4 11. Qe1 b5 12. Ne2 c5 13. c3 Nc6 14. f4 a5 15. fxe5
Bxe5 16. Qh4 d4 17. Nf4 Qd6 18. Nh5 Nxh5 19. Qxh5 Bf5 20. Ne4 Qd5 21. Re1 Qxa2
22. Nxc5 dxc3 23. bxc3 Qa3+ 24. Kd1 Qxc5 25. g4 Bg6 26. Qg5 Qd6 27. Bg2 h6 28.
Qe3 Rae8 29. Qb6 Qxd3 30. Bxc6 Qc2+ 0-1

[Event "11. KUP SS OBZ 2018"]
[Site "Našice"]
[Date "2018.02.17"]
[Round "3.5"]
[White "Karlic, Hrvoje"]
[Black "Zorman, Antun"]
[Result "1-0"]
[WhiteElo "1934"]
[BlackElo "1917"]
[PlyCount "57"]
[EventDate "2018.02.16"]
[WhiteTeam "ŠK ĐURĐENOVAC, Đurđenovac"]
[BlackTeam "ŠK DRAGOVOLJAC, Osijek"]

1. e4 c5 2. Nc3 Nc6 3. Nf3 d6 4. Bc4 e6 5. O-O Nge7 6. d4 cxd4 7. Nxd4 Nxd4 8.
Qxd4 Nc6 9. Qd3 a6 10. f4 Be7 11. Be3 O-O 12. Rf3 Qc7 13. Rh3 g6 14. a3 b5 15.
Ba2 Bb7 16. Rf1 Rad8 17. f5 Ne5 18. Qe2 Bc8 19. f6 Nc6 20. fxe7 Qxe7 21. Bh6
Rfe8 22. Qe3 Qb7 23. Bg5 Rd7 24. Bf6 Qa7 25. Qxa7 Nxa7 26. Rh6 d5 27. Rf3 e5
28. Rxh7 Rd6 29. Rh8# 1-0

[Event "11. KUP SS OBZ 2018"]
[Site "Našice"]
[Date "2018.02.18"]
[Round "4.1"]
[White "Runic, Zoran"]
[Black "Basrak, Srdjan"]
[Result "1-0"]
[WhiteElo "2378"]
[BlackElo "2259"]
[PlyCount "105"]
[EventDate "2018.02.16"]
[WhiteTeam "ŠK OSIJEK 2017, Osijek"]
[BlackTeam "ŠK BELIŠĆE, Belišće"]

1. e4 d6 2. d4 Nf6 3. Nc3 g6 4. f4 c6 5. Nf3 b5 6. Bd3 Bg7 7. Qe2 O-O 8. e5
dxe5 9. fxe5 Nd5 10. Nxd5 Qxd5 11. Be4 Qd8 12. Be3 f5 13. Bd3 Be6 14. h4 h5 15.
Qd2 Bd5 16. Ng5 Nd7 17. b3 Nb6 18. a4 a6 19. a5 Nc8 20. c4 Bf7 21. Nf3 Kh7 22.
Qb4 Bh6 23. Bxh6 Kxh6 24. Qc5 Qd7 25. O-O Rd8 26. Rfe1 e6 27. Be2 Ne7 28. Ng5
Kg7 29. Bf3 Qa7 30. Kf2 Rd7 31. Nh3 Rad8 32. Qxa7 Rxa7 33. Nf4 bxc4 34. bxc4
Rb7 35. Be2 Rb4 36. Ke3 Kf8 37. Reb1 Rdb8 38. Rxb4 Rxb4 39. c5 Rb3+ 40. Kd2 Nd5
41. Nxd5 exd5 42. Bxa6 Be6 43. Kc2 Rb8 44. Bd3 Ke7 45. a6 Kd7 46. Kd2 Ke7 47.
Ke3 Bc8 48. a7 Ra8 49. Kf4 Ke6 50. Ba6 Kd7 51. Kg5 Kc7 52. Bxc8 Kxc8 53. Kxg6
1-0

[Event "11. KUP SS OBZ 2018"]
[Site "Našice"]
[Date "2018.02.18"]
[Round "4.1"]
[White "Berke, Ana"]
[Black "Sasvari, Zelimir"]
[Result "1-0"]
[WhiteElo "2122"]
[BlackElo "2188"]
[PlyCount "140"]
[EventDate "2018.02.16"]
[WhiteTeam "ŠK BELIŠĆE, Belišće"]
[BlackTeam "ŠK OSIJEK 2017, Osijek"]

1. e4 Nf6 2. e5 Nd5 3. c4 Nb6 4. d4 d6 5. exd6 cxd6 6. Nc3 g6 7. Be3 Bg7 8. Rc1
O-O 9. b3 a5 10. Be2 e6 11. Nf3 d5 12. c5 N6d7 13. O-O Nc6 14. Qd2 Nf6 15. Bg5
Qd7 16. Ne5 Nxe5 17. dxe5 Ne4 18. Nxe4 dxe4 19. Qf4 Qc7 20. Bf6 Bxf6 21. Qxf6
Rd8 22. Rfd1 Rd5 23. Rxd5 exd5 24. Qd6 Qc6 25. a4 Be6 26. Bb5 Qc8 27. Kf1 Qf8
28. Qxf8+ Kxf8 29. c6 bxc6 30. Rxc6 Ra7 31. Ke2 d4 32. Bc4 Rb7 33. Bxe6 fxe6
34. Rd6 Rb4 35. Kd2 g5 36. Kc2 Kf7 37. g4 h6 38. Rd7+ Ke8 39. Ra7 d3+ 40. Kc3
Rd4 41. Kd2 Rd5 42. Rh7 Rxe5 43. Rxh6 Kd7 44. Rh3 Rc5 45. Re3 Rc2+ 46. Kd1 Rb2
47. Rxe4 Rxb3 48. Re5 Rb2 49. Rxg5 Rxf2 50. h4 Kd6 51. h5 Rh2 52. Rxa5 e5 53.
h6 e4 54. Rh5 Ra2 55. h7 Ra1+ 56. Kd2 Ra2+ 57. Ke3 Re2+ 58. Kf4 d2 59. h8=Q
Rf2+ 60. Kg5 Kd5 61. Rh1 Kc4 62. Qg8+ Kc3 63. Qc8+ Kd3 64. Qa6+ Kc3 65. Qc6+
Kd3 66. Qb5+ Ke3 67. a5 Re2 68. Qb1 Kd4 69. a6 e3 70. a7 Rf2 1-0

[Event "11. KUP SS OBZ 2018"]
[Site "Našice"]
[Date "2018.02.18"]
[Round "4.1"]
[White "Tarakcija, Hazim"]
[Black "Buric, Danijel"]
[Result "0-1"]
[WhiteElo "2204"]
[BlackElo "2157"]
[PlyCount "40"]
[EventDate "2018.02.16"]
[WhiteTeam "ŠK OSIJEK 2017, Osijek"]
[BlackTeam "ŠK BELIŠĆE, Belišće"]

1. d4 f5 2. h3 Nf6 3. g4 d6 4. Qd3 g6 5. Bg2 Bg7 6. gxf5 gxf5 7. Nc3 c6 8. Nf3
Na6 9. a3 d5 10. Bf4 Nc7 11. Be5 O-O 12. e3 Nce8 13. Nh4 e6 14. f4 Ne4 15. Nf3
N8f6 16. Nd2 Nd7 17. Ncxe4 fxe4 18. Qe2 Qh4+ 19. Qf2 Qxf2+ 20. Kxf2 Bxe5 0-1

[Event "11. KUP SS OBZ 2018"]
[Site "Našice"]
[Date "2018.02.18"]
[Round "4.2"]
[White "Drmic, Tomislav"]
[Black "Mican, Mato"]
[Result "1-0"]
[WhiteElo "2259"]
[BlackElo "1938"]
[PlyCount "39"]
[EventDate "2018.02.16"]
[WhiteTeam "ŠK SLAVONAC, Našice"]
[BlackTeam "ŠK ĐAKOVO II, Đakovo"]

1. d4 d5 2. g3 Nf6 3. Bg2 Nbd7 4. c4 e6 5. Nd2 c5 6. cxd5 Nxd5 7. Ngf3 b6 8.
O-O Bb7 9. Qa4 a6 10. dxc5 b5 11. Qd4 Nxc5 12. b3 Qf6 13. Bb2 Be7 14. Ne5 Rd8
15. Ne4 Nxe4 16. Qxe4 O-O 17. Rac1 Ba8 18. Qb1 Qh6 19. Nc6 Rc8 20. Bxd5 1-0

[Event "11. KUP SS OBZ 2018"]
[Site "Našice"]
[Date "2018.02.18"]
[Round "4.2"]
[White "Skocibusic, Ivo"]
[Black "Grandic, Zvjezdan"]
[Result "1/2-1/2"]
[WhiteElo "1966"]
[BlackElo "2210"]
[PlyCount "108"]
[EventDate "2018.02.16"]
[WhiteTeam "ŠK ĐAKOVO II, Đakovo"]
[BlackTeam "ŠK SLAVONAC, Našice"]

1. c4 Nf6 2. Nf3 e6 3. g3 d5 4. cxd5 exd5 5. Bg2 Nc6 6. d4 Bd6 7. O-O h6 8. Nc3
a6 9. Re1 O-O 10. a3 Re8 11. Qd3 Bf8 12. Bf4 Ne4 13. Ne5 Nxe5 14. Bxe5 Nxc3 15.
bxc3 Be6 16. e4 c6 17. a4 g5 18. exd5 cxd5 19. Qf3 Bg7 20. Bxg7 Kxg7 21. Re5 f6
22. Re3 Qd7 23. Rb1 Rac8 24. Rb6 Rc6 25. Rb4 Rd6 26. Qe2 Bg4 27. Qb2 Rxe3 28.
fxe3 b6 29. Rxb6 Rxb6 30. Qxb6 Qxa4 31. Qb7+ Bd7 32. Qxd5 Qd1+ 33. Bf1 Bh3 34.
Qb7+ Kg8 35. Qxa6 Qc1 36. Qd3 Bxf1 37. Qg6+ Kf8 38. Qxf6+ Ke8 39. Qxf1 Qxe3+
40. Kg2 Qxc3 41. Qb5+ Kf7 42. Qf5+ Kg7 43. d5 Qe3 44. Qd7+ Kg6 45. Qd6+ Kg7 46.
Qd7+ Kg6 47. Qc6+ Kg7 48. Qc2 Kf6 49. Qf2+ Qxf2+ 50. Kxf2 Ke5 51. Kf3 h5 52. h4
gxh4 53. gxh4 Kxd5 54. Kf4 Ke6 1/2-1/2

[Event "11. KUP SS OBZ 2018"]
[Site "Našice"]
[Date "2018.02.18"]
[Round "4.2"]
[White "Miletic, Josip"]
[Black "Macanga, Branko"]
[Result "1-0"]
[WhiteElo "2162"]
[BlackElo "1844"]
[PlyCount "85"]
[EventDate "2018.02.16"]
[WhiteTeam "ŠK SLAVONAC, Našice"]
[BlackTeam "ŠK ĐAKOVO II, Đakovo"]

1. e4 c5 2. Nf3 Nc6 3. c3 g6 4. d4 cxd4 5. cxd4 Bg7 6. Nc3 d6 7. Bc4 Nf6 8. Bg5
O-O 9. Qd2 Bg4 10. O-O Bxf3 11. gxf3 a6 12. Kh1 b5 13. Be2 b4 14. Na4 Qa5 15.
d5 Nd4 16. Qxd4 Qxa4 17. a3 Qd7 18. axb4 Qh3 19. Ra3 h6 20. f4 Qc8 21. Bxf6
Bxf6 22. e5 Bg7 23. Qe4 Qb7 24. Rfa1 dxe5 25. fxe5 e6 26. Bxa6 Qxd5 27. Qxd5
exd5 28. f4 Rfb8 29. b5 Bf8 30. Ra4 Bc5 31. Rd1 d4 32. Rc4 Ba7 33. Rc6 Bb6 34.
Kg2 Kf8 35. Kf3 Ke8 36. Ke4 Ke7 37. Rdc1 h5 38. Rd6 Ra7 39. Rcc6 Bc7 40. b6
Rxb6 41. Rxb6 Bxd6 42. exd6+ Ke6 43. Bc8+ 1-0

[Event "11. KUP SS OBZ 2018"]
[Site "Našice"]
[Date "2018.02.18"]
[Round "4.2"]
[White "Perci, Franjo"]
[Black "Leakovic, Ivica"]
[Result "0-1"]
[WhiteElo "1711"]
[BlackElo "2141"]
[PlyCount "84"]
[EventDate "2018.02.16"]
[WhiteTeam "ŠK ĐAKOVO II, Đakovo"]
[BlackTeam "ŠK SLAVONAC, Našice"]

1. e4 c6 2. d4 d6 3. c4 Nd7 4. Nc3 e5 5. d5 c5 6. Bd3 g6 7. Nge2 Bg7 8. Be3 Ne7
9. Qd2 h6 10. Nb5 Nf6 11. h3 a6 12. Nbc3 Bd7 13. f4 Nh5 14. fxe5 Bxe5 15. O-O-O
Bg7 16. g4 Nf6 17. Rdf1 g5 18. Ng3 Ng6 19. Nf5 Bxf5 20. Rxf5 Ne5 21. Be2 Nfd7
22. Qe1 Qa5 23. Bd2 Qc7 24. h4 f6 25. hxg5 fxg5 26. Qf1 O-O-O 27. Qd1 Nf6 28.
Na4 Nxe4 29. Ba5 Qxa5 30. Rh3 Qb4 31. a3 Qa5 32. Nc3 Nxc3 33. Rxc3 Rdf8 34. Qc2
Nd7 35. Rcf3 Rxf5 36. Rxf5 Qe1+ 37. Bd1 Rf8 38. Kb1 Rxf5 39. gxf5 Be5 40. Ka2
Nf6 41. Qb3 Qd2 42. Bc2 g4 0-1

[Event "11. KUP SS OBZ 2018"]
[Site "Našice"]
[Date "2018.02.18"]
[Round "4.3"]
[White "Kovacevic, Srecko"]
[Black "Dusper, Hrvoje"]
[Result "0-1"]
[WhiteElo "2075"]
[BlackElo "2216"]
[PlyCount "86"]
[EventDate "2018.02.16"]
[WhiteTeam "ŠK MLADOST, Osijek"]
[BlackTeam "ŠK ĐURĐENOVAC, Đurđenovac"]

1. d4 Nf6 2. Nf3 g6 3. Bf4 Bg7 4. Nc3 O-O 5. Qd2 d6 6. Bh6 c5 7. Bxg7 Kxg7 8.
e3 cxd4 9. exd4 Bg4 10. Be2 Nc6 11. O-O Qb6 12. Rad1 e5 13. dxe5 dxe5 14. Nd5
Nxd5 15. Qxd5 Rad8 16. Qc4 Bxf3 17. Bxf3 Rxd1 18. Rxd1 Qxb2 19. Bxc6 bxc6 20.
h4 Qb5 21. Qc3 h5 22. Rd7 Qb1+ 23. Kh2 Qxa2 24. Qxe5+ Kg8 25. Qc5 Qa4 26. c4 a5
27. g4 Qb4 28. Qg5 Qe1 29. Rd2 hxg4 30. h5 Re8 31. Qxa5 Qe5+ 32. Qxe5 Rxe5 33.
hxg6 f5 34. Rd8+ Kg7 35. Rd7+ Kxg6 36. Rd6+ Kg5 37. Rxc6 Re2 38. Kg1 Rc2 39.
Rc8 Kf4 40. c5 Kf3 41. c6 Rc1+ 42. Kh2 Kxf2 43. Rg8 Rxc6 0-1

[Event "11. KUP SS OBZ 2018"]
[Site "Našice"]
[Date "2018.02.18"]
[Round "4.3"]
[White "Vitkovic, Andrija"]
[Black "Brkic, Valent"]
[Result "0-1"]
[WhiteElo "1894"]
[BlackElo "1941"]
[PlyCount "82"]
[EventDate "2018.02.16"]
[WhiteTeam "ŠK ĐURĐENOVAC, Đurđenovac"]
[BlackTeam "ŠK MLADOST, Osijek"]

1. e4 c6 2. d4 d5 3. e5 Bf5 4. Be3 e6 5. Bd3 Ne7 6. Nf3 Qb6 7. b3 Bxd3 8. Qxd3
Nf5 9. O-O Be7 10. Nbd2 O-O 11. c4 dxc4 12. bxc4 Rd8 13. Rab1 Qc7 14. Qc2 c5
15. Nb3 cxd4 16. Nbxd4 Nxd4 17. Nxd4 Nc6 18. Nf3 b6 19. Qa4 Na5 20. Bg5 h6 21.
Bxe7 Qxe7 22. Rfd1 Rac8 23. Rxd8+ Qxd8 24. Rc1 Nxc4 25. Qc2 b5 26. h3 Nb6 27.
Qb1 Rxc1+ 28. Qxc1 Nc4 29. Qb1 Qd5 30. Qe1 a5 31. Kh2 a4 32. h4 a3 33. Qc3 Qc5
34. Kg3 b4 35. Qc1 Qb5 36. Kh3 Nxe5 37. Nd2 Qd3+ 38. f3 Ng6 39. Kg3 Qd6+ 40.
Kf2 Qd4+ 41. Ke2 Nf4+ 0-1

[Event "11. KUP SS OBZ 2018"]
[Site "Našice"]
[Date "2018.02.18"]
[Round "4.3"]
[White "Slobodjanac, Sinisa"]
[Black "Fridl, Miroslav"]
[Result "1/2-1/2"]
[WhiteElo "1803"]
[BlackElo "1989"]
[PlyCount "147"]
[EventDate "2018.02.16"]
[WhiteTeam "ŠK MLADOST, Osijek"]
[BlackTeam "ŠK ĐURĐENOVAC, Đurđenovac"]

1. b3 f5 2. Bb2 Nf6 3. e3 e6 4. Nf3 b6 5. Be2 Bb7 6. O-O Be7 7. c4 O-O 8. d3 d6
9. Nd4 Qd7 10. Bf3 c6 11. Nc3 e5 12. Nc2 Qe6 13. Qd2 g5 14. Rae1 g4 15. Bd1
Nbd7 16. Ne2 c5 17. d4 Ne4 18. Qd3 Ng5 19. d5 Qg6 20. Na3 h5 21. Kh1 Kh7 22.
Bc2 h4 23. Nf4 Qh6 24. Qe2 Rae8 25. Qxg4 Nf6 26. Qxf5+ Kg7 27. Qxg5+ Qxg5 28.
Ne6+ Kh6 29. Nxg5 Kxg5 30. f4+ exf4 31. exf4+ Kh6 32. Bc1 a6 33. Re6 Bc8 34.
f5+ Kg7 35. Re3 Ng4 36. Ree1 Bf6 37. h3 Nh6 38. Nb1 Nxf5 39. Bxf5 Rxe1 40. Rxe1
Bxf5 41. Nd2 Bc3 42. Rf1 Kg6 43. Ne4 Be5 44. Ng5 Re8 45. Re1 Rb8 46. a4 Bc2 47.
Nf3 Bxb3 48. Nxh4+ Kh7 49. Re4 Bxa4 50. Nf3 Re8 51. g4 b5 52. g5 Bc2 53. Re3
bxc4 54. h4 Bd1 55. Nxe5 Rxe5 56. Rxe5 dxe5 57. Bb2 Bf3+ 58. Kh2 Bxd5 59. Bxe5
a5 60. Kg3 Kg6 61. Kg4 Be6+ 62. Kg3 a4 63. Kf4 Kh5 64. Kg3 Bf7 65. Bc3 Bd5 66.
Bf6 Be4 67. Kf4 Bd3 68. Kg3 Be2 69. Kf2 Bd1 70. Kg3 Kg6 71. Kf4 Bh5 72. Ke4 a3
73. Kd5 Be2 74. Kxc5 1/2-1/2

[Event "11. KUP SS OBZ 2018"]
[Site "Našice"]
[Date "2018.02.18"]
[Round "4.3"]
[White "Karlic, Hrvoje"]
[Black "Kajic, Josip"]
[Result "1-0"]
[WhiteElo "1934"]
[BlackElo "1734"]
[PlyCount "91"]
[EventDate "2018.02.16"]
[WhiteTeam "ŠK ĐURĐENOVAC, Đurđenovac"]
[BlackTeam "ŠK MLADOST, Osijek"]

1. e4 e6 2. d4 d5 3. exd5 exd5 4. Nc3 c6 5. Bd3 Bd6 6. Nge2 Bg4 7. f3 Bh5 8.
Bf4 Bb4 9. Qd2 Ne7 10. a3 Ba5 11. b4 Bb6 12. Na4 Nd7 13. Nc5 Nxc5 14. dxc5 Bc7
15. O-O O-O 16. Bxc7 Qxc7 17. Rfe1 Bg6 18. Ng3 Bxd3 19. cxd3 Ng6 20. Nf5 Qf4
21. Ne7+ Kh8 22. Nxg6+ fxg6 23. Qxf4 Rxf4 24. Re7 b6 25. Rae1 bxc5 26. bxc5
Rff8 27. Rc7 a5 28. Ree7 Rfc8 29. Rxg7 Rxc7 30. Rxc7 Ra6 31. Rb7 a4 32. d4 Ra8
33. Rb6 Rc8 34. Ra6 Rb8 35. Rxa4 Rb3 36. Kf2 Rb2+ 37. Kg3 Rc2 38. h3 g5 39. Ra6
Rc4 40. Rxc6 Rxd4 41. Rd6 Kg7 42. c6 h6 43. c7 Rc4 44. Rd7+ Kg6 45. a4 d4 46.
a5 1-0

[Event "11. KUP SS OBZ 2018"]
[Site "Našice"]
[Date "2018.02.18"]
[Round "4.4"]
[White "Pintaric, Ivica"]
[Black "Sulc, Gordana"]
[Result "1-0"]
[WhiteElo "1949"]
[BlackElo "1862"]
[PlyCount "91"]
[EventDate "2018.02.16"]
[WhiteTeam "ŠK RADNIK, Velimirovac"]
[BlackTeam "ŠK ĐAKOVO III, Đakovo"]

1. e4 c5 2. b3 Nc6 3. g3 d5 4. Bg2 dxe4 5. Bxe4 Nf6 6. Bxc6+ bxc6 7. f3 Qd4 8.
Nc3 Ba6 9. Nge2 Qd7 10. d3 Rd8 11. O-O h5 12. h4 Qf5 13. Qe1 Nh7 14. Ne4 f6 15.
f4 c4 16. bxc4 Bxc4 17. Nf2 Be6 18. Nc3 Bd5 19. Qe3 Rd7 20. Rb1 g6 21. Rb8+ Kf7
22. Ra8 Qe6 23. Rxa7 Qxe3 24. Bxe3 Rxa7 25. Bxa7 e6 26. Rb1 e5 27. Rb8 Ke6 28.
fxe5 Kxe5 29. Nxd5 cxd5 30. d4+ Ke6 31. Nd3 Bg7 32. Rxh8 Bxh8 33. Nf4+ Kf5 34.
Nxd5 g5 35. Ne7+ Ke6 36. Bc5 Bg7 37. d5+ Kd7 38. Nf5 Bh8 39. Kf2 Ke8 40. Ke3
Kf7 41. a4 Bg7 42. Nxg7 Kxg7 43. a5 gxh4 44. gxh4 f5 45. a6 Nf6 46. Bd4 1-0

[Event "11. KUP SS OBZ 2018"]
[Site "Našice"]
[Date "2018.02.18"]
[Round "4.4"]
[White "Ascic, Josipa"]
[Black "Njegovanovic Ocelic, Paula"]
[Result "1/2-1/2"]
[WhiteElo "1623"]
[BlackElo "1722"]
[PlyCount "98"]
[EventDate "2018.02.16"]
[WhiteTeam "ŠK ĐAKOVO III, Đakovo"]
[BlackTeam "ŠK RADNIK, Velimirovac"]

1. d4 d5 2. Bf4 Nf6 3. e3 Bf5 4. h3 e6 5. Nf3 c5 6. c3 a6 7. Nbd2 Be7 8. dxc5
Bxc5 9. Nb3 Qe7 10. Nxc5 Qxc5 11. Qd4 Nbd7 12. Nh4 Bg6 13. Nxg6 hxg6 14. Qxc5
Nxc5 15. Bd6 Nfe4 16. Bxc5 Nxc5 17. f3 O-O 18. c4 dxc4 19. Bxc4 b5 20. Be2 Rfd8
21. Rd1 Rxd1+ 22. Kxd1 Rd8+ 23. Kc2 Kf8 24. Rd1 Rxd1 25. Bxd1 Ke7 26. Kc3 Kd6
27. b4 Nd7 28. a4 Nb6 29. axb5 axb5 30. e4 e5 31. h4 f6 32. Bb3 Ke7 33. Bc2 Nc8
34. Bd3 Nd6 35. g4 Kf7 36. Kd2 Ke7 37. Ke3 Kf7 38. Kd2 Ke7 39. Ke3 Kf7 40. f4
Ke6 41. f5+ gxf5 42. gxf5+ Kf7 43. Bc2 Ke7 44. Bb3 Kf8 45. Bd5 Ke7 46. Bc6 Kf7
47. Kf3 Kf8 48. Kg4 Kg8 49. Kh5 Kh7 1/2-1/2

[Event "11. KUP SS OBZ 2018"]
[Site "Našice"]
[Date "2018.02.18"]
[Round "4.4"]
[White "Vidovic, Petra"]
[Black "Ascic, Judita"]
[Result "1-0"]
[WhiteElo "1408"]
[BlackElo "1391"]
[PlyCount "55"]
[EventDate "2018.02.16"]
[WhiteTeam "ŠK RADNIK, Velimirovac"]
[BlackTeam "ŠK ĐAKOVO III, Đakovo"]

1. e4 c5 2. Nf3 Nc6 3. d4 cxd4 4. Nxd4 Nxd4 5. Qxd4 e6 6. Nc3 a6 7. Be3 f6 8.
f3 Be7 9. O-O-O b5 10. Be2 Bb7 11. Qd2 Rc8 12. g4 Bc5 13. Bxc5 Rxc5 14. Rhg1
Ne7 15. Qd4 Rc7 16. g5 e5 17. Qd2 O-O 18. gxf6 Rxf6 19. Qg5 Ng6 20. h4 Qe7 21.
h5 Nf4 22. Rd6 Ne6 23. Qxe5 Kf7 24. Nd5 Bxd5 25. exd5 Nc5 26. Rxg7+ Kxg7 27.
Qxe7+ Kg8 28. Rxf6 1-0

[Event "11. KUP SS OBZ 2018"]
[Site "Našice"]
[Date "2018.02.18"]
[Round "4.5"]
[White "Roklicer, Heike"]
[Black "Hlavac, Iva"]
[Result "1/2-1/2"]
[WhiteElo "2059"]
[BlackElo "1923"]
[PlyCount "32"]
[EventDate "2018.02.16"]
[WhiteTeam "ŠK DONJI MIHOLJAC, Donji Miholjac"]
[BlackTeam "ŠK DAMA, Đakovo"]

1. d4 Nf6 2. c4 e6 3. Nc3 Bb4 4. Qc2 c5 5. e3 Nc6 6. dxc5 Bxc5 7. a3 a5 8. Nf3
O-O 9. Bd3 h6 10. Bd2 d5 11. cxd5 exd5 12. Nb5 Qe7 13. Bc3 Ne4 14. Nbd4 Nxc3
15. Nxc6 bxc6 16. Qxc3 Bb7 1/2-1/2

[Event "11. KUP SS OBZ 2018"]
[Site "Našice"]
[Date "2018.02.18"]
[Round "4.5"]
[White "Raguz, Ivanka"]
[Black "Sos, Fran"]
[Result "0-1"]
[WhiteElo "1795"]
[BlackElo "1983"]
[PlyCount "98"]
[EventDate "2018.02.16"]
[WhiteTeam "ŠK DAMA, Đakovo"]
[BlackTeam "ŠK DONJI MIHOLJAC, Donji Miholjac"]

1. d4 Nf6 2. c4 c5 3. d5 b5 4. cxb5 a6 5. bxa6 Bxa6 6. Nc3 d6 7. e4 Bxf1 8.
Kxf1 g6 9. Nge2 Bg7 10. g3 Nbd7 11. Kg2 Qa5 12. h4 Qa6 13. Nf4 h5 14. Re1 O-O
15. a4 Ng4 16. Nd3 Qc4 17. Nb5 Nge5 18. Nxe5 Nxe5 19. Re3 Ng4 20. Re2 Rfb8 21.
b3 Qxe2 22. Qxe2 Bxa1 23. f3 Nf6 24. g4 Rd8 25. Bg5 Rd7 26. gxh5 Nxh5 27. f4 f6
28. Qg4 Rad8 29. Bh6 Kh7 30. Bf8 Nxf4+ 31. Qxf4 Rxf8 32. h5 Rg8 33. Kf3 Rdd8
34. hxg6+ Rxg6 35. Nc7 Rb8 36. Nb5 Rg5 37. Qh2+ Kg7 38. Qh3 Rh8 39. Qd7 Be5 40.
Qxe7+ Kg6 41. Nxd6 Rg3+ 42. Kf2 Rh2+ 43. Kf1 Rxb3 44. Qf7+ Kg5 45. Qg7+ Kf4 46.
Kg1 Rg3+ 47. Qxg3+ Kxg3 48. Nf5+ Kf3 49. d6 Rd2 0-1

[Event "11. KUP SS OBZ 2018"]
[Site "Našice"]
[Date "2018.02.18"]
[Round "4.5"]
[White "Galonja, Igor"]
[Black "Raguz, Frano"]
[Result "1-0"]
[WhiteElo "1750"]
[BlackElo "1538"]
[PlyCount "91"]
[EventDate "2018.02.16"]
[WhiteTeam "ŠK DONJI MIHOLJAC, Donji Miholjac"]
[BlackTeam "ŠK DAMA, Đakovo"]

1. d4 Nf6 2. c4 c5 3. d5 b5 4. e3 g6 5. Nf3 d6 6. h3 Bg7 7. cxb5 a6 8. Nc3 Nbd7
9. bxa6 Bxa6 10. Bxa6 Rxa6 11. O-O O-O 12. Qe2 Qb6 13. e4 Rfa8 14. a3 Qb7 15.
Nd2 Nb6 16. Qb5 Qd7 17. f3 Na4 18. Qxd7 Nxd7 19. Nxa4 Rxa4 20. Rb1 Rb8 21. b3
Ra7 22. Nc4 Ne5 23. Nxe5 Bxe5 24. f4 Bd4+ 25. Kh2 c4 26. Rd1 Bg7 27. b4 c3 28.
Rb3 Rc7 29. Kg3 Rc4 30. Kf3 Rbc8 31. b5 Rd4 32. Rxd4 Bxd4 33. Ke2 e5 34. dxe6
fxe6 35. Kd3 e5 36. a4 Kf7 37. b6 Rb8 38. a5 Ke7 39. fxe5 dxe5 40. Rb4 Kd7 41.
Rc4 Rc8 42. b7 Rb8 43. a6 h5 44. Rxd4+ exd4 45. a7 Kc7 46. Bf4+ 1-0

[Event "11. KUP SS OBZ 2018"]
[Site "Našice"]
[Date "2018.02.18"]
[Round "5.1"]
[White "Basrak, Srdjan"]
[Black "Drmic, Tomislav"]
[Result "1-0"]
[WhiteElo "2259"]
[BlackElo "2259"]
[PlyCount "63"]
[EventDate "2018.02.16"]
[WhiteTeam "ŠK BELIŠĆE, Belišće"]
[BlackTeam "ŠK SLAVONAC, Našice"]

1. f4 d5 2. Nf3 Nc6 3. g3 Bg4 4. Bg2 f6 5. Nc3 e6 6. d3 d4 7. Ne4 Nge7 8. c3
dxc3 9. bxc3 Nd5 10. Qb3 Rb8 11. O-O Qd7 12. Nf2 Bh5 13. e4 Nb6 14. g4 Bf7 15.
g5 Bc5 16. Qc2 e5 17. Kh1 exf4 18. gxf6 gxf6 19. Bxf4 Nd8 20. d4 Be7 21. d5 Bg6
22. Qe2 Nf7 23. Bh3 Qd8 24. Qb5+ Nd7 25. Nd4 Nd6 26. Qe2 Nc5 27. Ne6 Nxe6 28.
Bxe6 Nf7 29. e5 Nxe5 30. Bxe5 fxe5 31. Qxe5 Bf6 32. Bd7+ 1-0